|
|
|
|
| LEADER |
00000nab a2200000 a 4500 |
| 001 |
vtls010193620 |
| 003 |
SK-MaSNL |
| 005 |
20260304011743.0 |
| 008 |
140328c2010 xo ||||||||||||00 b|slo |
| 015 |
|
|
|a SNBRB2010/12
|2 snkbucl
|
| 038 |
|
|
|a SNKBUCL
|
| 040 |
|
|
|a SNKBUCL
|b slo
|c SNKBUCL
|e AACR2
|
| 041 |
0 |
|
|a slo
|
| 044 |
|
|
|a xo
|c SK
|
| 080 |
|
|
|a 7.05:766
|2 2001
|
| 080 |
|
|
|a 766:7.05:061.4
|x (437.3)
|2 2001
|
| 100 |
1 |
|
|a Pavlovičová, Ľubica
|4 aut
|9 267122
|
| 245 |
1 |
0 |
|a Pozvánka na Bienále do Brna
|c Ľubica Pavlovičová
|
| 300 |
|
|
|b Fotogr.
|
| 611 |
2 |
7 |
|a Medzinárodné bienále grafického dizajnu
|n (24. :
|d 2010 :
|c Brno, Česko)
|2 snkbucl
|9 1290870
|
| 650 |
0 |
7 |
|a grafický dizajn
|2 snkbucl
|9 764
|
| 773 |
0 |
|
|t Designum
|g Roč. XVI, č. 4 (2010), s. 32-37
|x 1335-034X
|
| 852 |
|
|
|a SNK
|b KIS3GCP
|
| 958 |
|
|
|a CZ
|
| 999 |
|
|
|c 2567821
|d 2569751
|